<?xml version="1.0" encoding="UTF-8"?>
<collection xmlns="http://www.loc.gov/MARC21/slim">
 <record>
  <leader>04114nam a2200385 a 4500</leader>
  <controlfield tag="001">1/45431</controlfield>
  <controlfield tag="008">140828s2004    us            001 0 eng  </controlfield>
  <datafield tag="020" ind1=" " ind2=" ">
   <subfield code="a">1597490024 (electronic bk.)</subfield>
  </datafield>
  <datafield tag="020" ind1=" " ind2=" ">
   <subfield code="a">9781597490023 (electronic bk.)</subfield>
  </datafield>
  <datafield tag="020" ind1=" " ind2=" ">
   <subfield code="a">0080481787</subfield>
  </datafield>
  <datafield tag="020" ind1=" " ind2=" ">
   <subfield code="a">9780080481784</subfield>
  </datafield>
  <datafield tag="020" ind1=" " ind2=" ">
   <subfield code="a">9781931836371</subfield>
  </datafield>
  <datafield tag="020" ind1=" " ind2=" ">
   <subfield code="a">193183637X</subfield>
  </datafield>
  <datafield tag="035" ind1=" " ind2=" ">
   <subfield code="l">48391</subfield>
  </datafield>
  <datafield tag="040" ind1=" " ind2=" ">
   <subfield code="a">N$T</subfield>
   <subfield code="b">eng</subfield>
   <subfield code="c">N$T</subfield>
   <subfield code="d">OCLCQ</subfield>
   <subfield code="d">YDXCP</subfield>
   <subfield code="d">OCLCQ</subfield>
   <subfield code="d">OCLCO</subfield>
   <subfield code="d">OCLCQ</subfield>
   <subfield code="d">INU</subfield>
   <subfield code="d">EBLCP</subfield>
   <subfield code="d">IDEBK</subfield>
   <subfield code="d">QT5</subfield>
   <subfield code="d">MERUC</subfield>
   <subfield code="d">CCO</subfield>
   <subfield code="d">E7B</subfield>
   <subfield code="d">HNW</subfield>
   <subfield code="d">OPELS</subfield>
   <subfield code="d">OKU</subfield>
   <subfield code="d">FVL</subfield>
   <subfield code="d">UMI</subfield>
   <subfield code="d">DEBSZ</subfield>
   <subfield code="d">GR-PeUP</subfield>
  </datafield>
  <datafield tag="100" ind1="1" ind2=" ">
   <subfield code="a">Barken, Lee.</subfield>
  </datafield>
  <datafield tag="245" ind1="1" ind2="0">
   <subfield code="a">Wireless hacking projects for Wi-Fi enthusiasts</subfield>
   <subfield code="h">[electronic resource] /</subfield>
   <subfield code="c">by the SoCalFreeNet.org Wireless Users Group, Lee Barken with Eric Bermel ... [et al.].</subfield>
  </datafield>
  <datafield tag="260" ind1=" " ind2=" ">
   <subfield code="a">Rockland, MA :</subfield>
   <subfield code="b">Syngress ;</subfield>
   <subfield code="a">[Sebastopol, CA] :</subfield>
   <subfield code="b">Distributed by O'Reilly Media in the United States and Canada,</subfield>
   <subfield code="c">c2004.</subfield>
  </datafield>
  <datafield tag="300" ind1=" " ind2=" ">
   <subfield code="a">1 online resource (xxiii, 334 p.) :</subfield>
   <subfield code="b">ill.</subfield>
  </datafield>
  <datafield tag="500" ind1=" " ind2=" ">
   <subfield code="a">Includes index.</subfield>
  </datafield>
  <datafield tag="504" ind1=" " ind2=" ">
   <subfield code="a">Includes bibliographical references and index.</subfield>
  </datafield>
  <datafield tag="505" ind1="0" ind2=" ">
   <subfield code="a">Cover; Contents; Foreword; Introduction; Introduction to Wireless Hacking; A Brief Overview of the Wireless World; SoCalFreeNet.org: Building Large Scale Community Wireless Networks; Securing Our Wireless Community; Hacking Projects; Wireless Access Points; Wireless Client Access Devices; Wireless Operating Systems; Monitoring Your Network; Low-Cost Commercial Options; Mesh Networking; Antennas and Outdoor Enclosure Projects; Antennas; Building Outdoor Enclosures and Antenna Masts; Solar-Powered Access Points and Repeaters; Wireless 802.11 Hacks; Index; Related Titles;</subfield>
  </datafield>
  <datafield tag="520" ind1=" " ind2=" ">
   <subfield code="a">Sales of wireless LANs to home users and small businesses will soar this year, with products using IEEE 802.11 (Wi-Fi) technology leading the way, according to a report by Cahners research. Worldwide, consumers will buy 7.3 million wireless LAN nodes--which include client and network hub devices--up from about 4 million last year. This third book in the &quot;HACKING&quot; series from Syngress is written by the SoCalFreeNet Wireless Users Group and will cover 802.11a/b/g (Wi-Fi) projects teaching these millions of Wi-Fi users how to &quot;mod&quot; and &quot;hack&quot; Wi-Fi access points, network cards, and antennas to run various Linux distributions and create robust Wi-Fi networks. Cahners predicts that wireless LANs next year will gain on Ethernet as the most popular home network technology. Consumers will hook up 10.9 million Ethernet nodes and 7.3 million wireless out of a total of 14.4 million home LAN nodes shipped. This book will show Wi-Fi enthusiasts and consumers of Wi-Fi LANs who want to modify their Wi-Fi hardware how to build and deploy homebrew Wi-Fi networks, both large and small. * Wireless LANs next year will gain on Ethernet as the most popular home network technology. Consumers will hook up 10.9 million Ethernet nodes and 7.3 million wireless clients out of a total of 14.4 million home LAN nodes shipped. * This book will use a series of detailed, inter-related projects to teach readers how to modify their Wi-Fi hardware to increase power and performance to match that of far more expensive enterprise networking products. Also features hacks to allow mobile laptop users to actively seek wireless connections everywhere they go! * The authors are all members of the San Diego Wireless Users Group, which is famous for building some of the most innovative and powerful &quot;home brew&quot; Wi-Fi networks in the world.</subfield>
  </datafield>
  <datafield tag="650" ind1=" " ind2="4">
   <subfield code="a">Wireless LANs</subfield>
   <subfield code="v">Handbooks, manuals, etc.</subfield>
  </datafield>
  <datafield tag="650" ind1=" " ind2="4">
   <subfield code="a">Wireless LANs</subfield>
   <subfield code="x">Security measures</subfield>
   <subfield code="v">Handbooks, manuals, etc.</subfield>
  </datafield>
  <datafield tag="650" ind1=" " ind2="4">
   <subfield code="a">Electronic villages (Computer networks)</subfield>
   <subfield code="v">Handbooks, manuals, etc.</subfield>
  </datafield>
  <datafield tag="650" ind1=" " ind2="4">
   <subfield code="a">IEEE 802.11 (Standard)</subfield>
  </datafield>
  <datafield tag="655" ind1=" " ind2="4">
   <subfield code="a">Electronic books.</subfield>
  </datafield>
  <datafield tag="700" ind1="1" ind2=" ">
   <subfield code="a">Bermel, Eric.</subfield>
  </datafield>
  <datafield tag="852" ind1=" " ind2=" ">
   <subfield code="a">INST</subfield>
   <subfield code="b">UNIPILB</subfield>
   <subfield code="c">EBOOKS</subfield>
   <subfield code="e">20140828</subfield>
   <subfield code="p">00b48391</subfield>
   <subfield code="q">00b48391</subfield>
   <subfield code="t">ONLINE</subfield>
   <subfield code="y">0</subfield>
  </datafield>
  <datafield tag="856" ind1="4" ind2="0">
   <subfield code="3">ScienceDirect</subfield>
   <subfield code="u">http://www.sciencedirect.com/science/book/9781931836371</subfield>
  </datafield>
  <datafield tag="856" ind1="4" ind2=" ">
   <subfield code="d">/webopac/covers/03/48391_0080481787.jpg</subfield>
  </datafield>
  <datafield tag="856" ind1="4" ind2=" ">
   <subfield code="d">/webopac/covers/03/48391_9780080481784.jpg</subfield>
  </datafield>
  <datafield tag="856" ind1="4" ind2=" ">
   <subfield code="d">/webopac/covers/03/48391_9781931836371.jpg</subfield>
  </datafield>
  <datafield tag="856" ind1="4" ind2=" ">
   <subfield code="d">/webopac/covers/03/48391_193183637X.jpg</subfield>
  </datafield>
 </record>
</collection>
